00622nam a2200229Ia 4500001000600000003000900006008004100015040001300056040001300069041001300082100002100095100002900116245003200145245002000177250001100197260000900208260001000217260004900227300005700276650002800333650003100361 3331IT-RoPAU130308s9999 xx 000 0 und d aIT-RoPAU cIT-RoPAU aITALIANO aPezza Gian Luigi gCodice Aut. SPICS: 2639 aAspetti tecnici della radio bConoscere la Tv a1a ed. aROMA bAiart c1967 [1° Ed.:1967 - Ed.Ling.Originale:1967] a"18 p. (prefazione: no ; testo: 18 [pagine: 31-48])" aSAGGI SULLA TELEVISIONE eCodice materia Spics: 6961